Stray Kids chanson par paroles - Statistiques

Statistiques générales
  • Ce quiz a été pris 2 698 fois
  • Le résultat moyen est 13 sur 21
Statistiques - réponses
Hint Réponse % Correct
Blue cheese Cheddar cheese Parmesan cheese CHEESE
93%
Cookin' like a chef I'm a 5 star mishyullaeng "Mi"e jeongjeomeul jjikgo nune boyeo illusion God's Menu
92%
A-B-C-D-E-F-G I wanna send my code to you Case 143
86%
Red light, green light, swag, bye or wassup man N/S
85%
Hey, you wanna come in? Back Door
84%
Feliz Navidad, Feliz Navidad I can feel the evil coming but Felix, never bad Christmas EveL
82%
I cannot breathe without you being right by my side I'll die Red Lights
80%
Man, I'm not sorry, I'm dirty Thunderous
78%
Stray Kids, ooh! (ooh!) MIROH
68%
I'ma make it look, make it look, look so easy Easy
67%
NaNaNaNaNaNa My Pace
59%
NYYYYYYYYYYYON SUPER BOARD
54%
Just look at me babe day and night TASTE
52%
Da eonje teojilji moreuneun dormant volcano Maniac
45%
Daiseikyou no koe like a megaphone (Megaphone) Circus
40%
Why u mad brah? 3RACHA
39%
I wanna be myself (I don't care) Levanter
39%
fly into the sky, fly into the sky, fly fly Get Cool
34%
I know, you know, we know, Lee Know The Tortoise and the Hare
34%
Oh, you can't resist it Charmer
32%
Oh oh oh oh oh oh oh oh undefeated Victory Song
27%
Aucun quiz correspondant
Distribution des résultats
% des personnes avec chaque résultat
Percentile par nombre de réponses
Votre historique - résultats
Vous n’avez pas pris ce quiz